| 000 | 00481nam a2200181 a 4500 | ||
|---|---|---|---|
| 005 | 20140311163022.0 | ||
| 008 | 070907s19uu xx 00 eng d | ||
| 020 | _a1403970602 | ||
| 050 |
_aNC 1766.j3 _b.C56 2006 |
||
| 100 | _aBrown, Steven T., edited by | ||
| 245 | _aCinema Anime. | ||
| 260 |
_aNew York : _bPalgrave Macmillan, _c2006. |
||
| 300 |
_a248 p. : _bill. ; _c24 cm. |
||
| 521 | _aMA | ||
| 650 |
_aAnimated films _xJapan. |
||
| 942 |
_cBK _2lcc _kFOR |
||
| 999 |
_c39488 _d39488 |
||